000 00853nam a2200193Ia 4500
001 14672
003 GE_BSU
008 181216s||||||||xx |||||||||||||| ||und||
040 _cGE_BSU
080 _a821.353.1+821.353.1-32+821.353.31
100 _aქიაჩელი,ლეო
245 _aთხზულებანი 4 ტომად. ტ.1. მოთხრობები. ტარიელ გოლუა 1909-1926
245 _cტ. გამოსაც. მოამზ.ე.შარაშენიძემ და რ. შავგულიძემ.. რედ. ა.ადამია
260 _aთბილისი
260 _c1984
300 _a423გვ.1ფ.პორტრ.
653 _aდრამატული თხზულებანი, წერილები, პორტრეტები.
942 _cBK
999 _c47798
_d47798